Retorno al futuro: (Registro nro. 5048)

Detalles MARC
000 -LEADER
fixed length control field 01178nam a2200241Ia 4500
003 - CONTROL NUMBER IDENTIFIER
control field OSt
005 - DATE AND TIME OF LATEST TRANSACTION
control field 20200507123210.0
008 - FIXED-LENGTH DATA ELEMENTS--GENERAL INFORMATION
fixed length control field 191128s1999 ck gr 000 0 spa d
020 ## - INTERNATIONAL STANDARD BOOK NUMBER
International Standard Book Number 9586018792
040 ## - CATALOGING SOURCE
Original cataloging agency CO-JMCR
Transcribing agency CO-JMCR
041 0# - LANGUAGE CODE
Language code of text/sound track or separate title spa
082 04 - DEWEY DECIMAL CLASSIFICATION NUMBER
Classification number 307.12 /
Item number B241c
100 1# - MAIN ENTRY--PERSONAL NAME
Personal name Bejarano Avila, Alberto,
Relator term autor
9 (RLIN) 4092
245 10 - TITLE STATEMENT
Title Retorno al futuro:
Remainder of title Ensayos para repensar políticamente la región /
Statement of responsibility, etc. Alberto Bejarano Avila
250 ## - EDITION STATEMENT
Edition statement Primera edición
260 ## - PUBLICATION, DISTRIBUTION, ETC.
Place of publication, distribution, etc. Bogotá :
Name of publisher, distributor, etc. Tercer Mundo Editores,
Date of publication, distribution, etc. 1999
300 ## - PHYSICAL DESCRIPTION
Extent xxvi, 222 páginas ;
Dimensions 21 cm.
505 ## - FORMATTED CONTENTS NOTE
Formatted contents note En sintonía con el futuro -- Contra los equivocados paradigmas -- Debilidades de la práctica de la política -- Aproximaciones al concepto de la prosperidad -- Reflexiones sobre la cotidianidad
520 ## - SUMMARY, ETC.
Summary, etc. La recurente preocupación en diversos círculos académicos y sociale por la cuestión regional, liderada en América la por el instituto latinoamericano y del caribe de pacifico económica y social, ILPES, a motivado en varias regiones Colombianas
650 14 - SUBJECT ADDED ENTRY--TOPICAL TERM
Topical term or geographic name entry element Planificación regional
9 (RLIN) 4093
650 24 - SUBJECT ADDED ENTRY--TOPICAL TERM
Topical term or geographic name entry element Regionalización.
General subdivision Política regional
9 (RLIN) 4094
942 ## - ADDED ENTRY ELEMENTS (KOHA)
Source of classification or shelving scheme Dewey Decimal Classification
Koha item type Books
Existencias
Withdrawn status Lost status Source of classification or shelving scheme Materials specified (bound volume or other part) Damaged status Not for loan Home library Current library Shelving location Date acquired Source of acquisition Cost, normal purchase price Total Checkouts Full call number Barcode Date last seen Copy number Price effective from Koha item type
    Dewey Decimal Classification Donación--15/04/2018--     Biblioteca Pública José María del Castillo y Rada Biblioteca Pública José María del Castillo y Rada General Stacks 11/28/2019 Donación 0.00   307.12 / B241r 430001198 05/16/2024 Ej.1 11/28/2019 Books